| 000 | 00428nam a22001697a 4500 | ||
|---|---|---|---|
| 003 | CEME | ||
| 005 | 20210628202222.0 | ||
| 008 | 210113b xxu||||| |||| 00| 0 eng d | ||
| 020 | _a8788131502990 | ||
| 040 | _c. | ||
| 082 | _a621.3822 STU | ||
| 100 |
_aStuller, John Alan _958809 |
||
| 245 | _aAn introduction to signals and systems | ||
| 260 |
_aINDIA _bCENGAGE LEARNING _c2010 |
||
| 300 | _aXVIII, 566P | ||
| 942 |
_cBK _2ddc |
||
| 999 |
_c568919 _d568919 |
||